LEADER 01000nam0 2200313 450 001 000006551 005 20090217124004.0 010 $a88-430-1171-5 100 $a20060223d1998----km-y0itay50------ba 101 0 $aita 102 $aIT 105 $aa-------001yy 200 1 $aScelte intertemporali$eteoria e modelli$fFranco Cugno, Luigi Montrucchio 210 $aRoma$cCarocci$dc1998 215 $a207 p.$cill., graf. e tab.$d22 cm 225 2 $aUniversitā$iEconomia$v71 410 0$12001$aUniversitā 500 10$aScelte intertemporali$937773 610 1 $aTeoria micro: scelte intertemporali 610 1 $aEconomia$aModelli matematici 676 $a330.0151$v20$9Scienze economiche. Principi matematici 700 1$aCugno,$bFranco$0117388 701 1$aMontrucchio,$bLuigi$0117387 801 0$aIT$bUNIPARTHENOPE$gRICA$2UNIMARC 912 $a000006551 951 $a022d/3$b26$cNAVA2$d2006 951 $a022d/1$b8580$cNAVA2 996 $aScelte intertemporali$937773 997 $aUNIPARTHENOPE LEADER 01221nam0 22002773i 450 001 VAN0098342 005 20140626022342.403 100 $a20140626d1990 |0itac50 ba 101 $aita 102 $aIT 105 $a|||| ||||| 200 1 $aIdentitā di Matera$evisita guidata tra antico e moderno$fCarlo Pozzi, Mauro Sāito$g presentazione di Marcello Fabbri 210 $aMatera$cBasilicata Editrice$d[1990] 215 $aXVI, 146 p., [2] c. di tav.$cill.$d22 cm. 410 1$1001VAN0098343$12001 $aPolitica, scienze, arti & mestieri$1210 $aMatera$cBasilicata editrice.$v26 620 $dMatera$3VANL000400 700 1$aPozzi$bCarlo$f1951- $3VANV068019$035675 701 1$aSāito$bMauro$3VANV077579$0722143 702 1$aFabbri$bMarcello$3VANV012962 712 $aBasilicata editrice$3VANV114181$4650 801 $aIT$bSOL$c20230616$gRICA 899 $aBIBLIOTECA DEL DIPARTIMENTO DI ARCHITETTURA E DISEGNO INDUSTRIALE$1IT-CE0107$2VAN01 912 $aVAN0098342 950 $aBIBLIOTECA DEL DIPARTIMENTO DI ARCHITETTURA E DISEGNO INDUSTRIALE$d01PREST IBc91 $e01 52097 20140626 996 $aIdentitā di Matera$91411681 997 $aUNICAMPANIA